Statistics for Oldest Capital Cities of Countries

Click here to take the quiz!

General Stats

  • This quiz has been taken 2,036 times
    (1,090 since last reset)
  • The average score is 18 of 30

Answer Stats

First SettledCountryCapital% Correct
753 BCItalyRome
95%
5000-4000 BCGreeceAthens
91%
100EgyptCairo
91%
52 BCFranceParis
91%
43United KingdomLondon
90%
1045 BCChinaBeijing
88%
2800 BCIsraelJerusalem
82%
9000s-2000s BCSyriaDamascus
78%
1000 BCTurkeyAnkara
76%
1000s BCTunisiaTunis
71%
1200 BCPortugalLisbon
70%
3000 BCLebanonBeirut
68%
7250 BCJordanAmman
62%
300AustriaVienna
62%
700 BCLibyaTripoli
61%
300s BCBulgariaSofia
59%
18 BCSouth KoreaSeoul
58%
279 BCSerbiaBelgrade
50%
782 BCArmeniaYerevan
50%
50-100AzerbaijanBaku
48%
455GeorgiaTbilisi
47%
301San MarinoSan Marino
45%
454VietnamHanoi
44%
1050 BCCyprusNicosia
42%
81North MacedoniaSkopje
42%
194 BCNorth KoreaPyongyang
37%
150NepalKathmandu
29%
50 BCSloveniaLjubljana
28%
100s BCSlovakiaBratislava
21%
200 BCSomaliaMogadishu
16%

Score Distribution

Percentile by Number Answered

Percent of People with Each Score

Your Score History

You have not taken this quiz since the last reset